Solventnosť poisťovne versus oceňovanie produktov životného poistenia

Rozvoj poistnej matematiky v dôsledku vývoja spoločnosti. Poisťovne a matematická rezerva, rezerva na životné poistenie. Výpočet rezervy na životné poistenie. Určenie hrubého rizikového kapitálu a celkových matematických rezerv. Výpočet minimálnej hranice solventnosti. Oceňovanie produktov životného...

ver descrição completa

Na minha lista:
Detalhes bibliográficos
Autor principal: Kubačková, Ľubica
Outros Autores: Krčová, Ingrid, 1969-
Formato: Capítulo de Livro
Idioma:eslovaco
Assuntos:
Tags: Adicionar Tag
Sem tags, seja o primeiro a adicionar uma tag!

MARC

LEADER 00000naa$a2200000$$$4500
001 0019292
005 20220606115856.7
041 0 |a slo 
044 |a SK 
245 1 0 |a Solventnosť poisťovne versus oceňovanie produktov životného poistenia  |c Ľubica Kubačková, Ingrid Krčová 
520 |a Rozvoj poistnej matematiky v dôsledku vývoja spoločnosti. Poisťovne a matematická rezerva, rezerva na životné poistenie. Výpočet rezervy na životné poistenie. Určenie hrubého rizikového kapitálu a celkových matematických rezerv. Výpočet minimálnej hranice solventnosti. Oceňovanie produktov životného poistenia metódou testovania zisku. 
610 2 0 |a poisťovne 
610 2 0 |a solventnosť 
610 2 0 |a zisk 
610 2 0 |a poistenie životné 
610 2 0 |a matematika poistná 
100 1 |a Kubačková, Ľubica 
700 1 |a Krčová, Ingrid, 1969-